| 000 | 00737nam a2200217Ia 4500 | ||
|---|---|---|---|
| 003 | GCL | ||
| 008 | 140319s9999 xx 000 0 ara d | ||
| 040 |
_aGCL / _cGCL |
||
| 082 | 0 | 4 |
_a323.4 _bر ح |
| 100 | 1 | _aرولان، باتريس | |
| 245 | 1 | 0 |
_aالحماية الدولية لحقوق الانسان: نصوص ومقتطفات / _cرولان، باتريس |
| 700 | 1 | _aتافيرنييه، بول | |
| 700 | 1 | _aجورجيت الحداد | |
| 260 |
_aبيروت : _bدار منشورات عويدات ، _c1996 |
||
| 300 |
_a186 ص ؛ _c24 سم |
||
| 650 | 0 | 4 | _aالحقوق السياسية |
| 650 | 0 | 4 | _aالسياسة الدولية |
| 650 | 0 | 4 | _aالسياسة |
| 650 | 0 | 4 | _aحقوق الانسان |
| 942 |
_2ddc _cBK |
||
| 999 |
_c48147 _d48147 |
||